000 00886cam a22002655a 4500
001 015629158
003 OSt
005 20160110155418.0
008 100816t2011 enka fr f001 0 eng d
020 _a0199579156 (pbk.)
020 _a9780199579150 (pbk.)
040 _aEG-ScBUE
_beng
_dEG-ScBUE
_cEG-ScBUE
082 0 4 _a617.67
_222
_bBAN
100 1 _aBanerjee, Avijit,
_932421
_d1944-
245 1 0 _aPickard's manual of operative dentistry /
_cAvijit Banerjee, Timothy F. Watson.
246 3 0 _aManual of operative dentistry
250 _a9th ed.
260 _aOxford ;
_aNew York :
_bOxford University Press,
_cc.2011.
300 _aix, 157 p. :
_bill. (chiefly col.) ;
_c28 cm.
500 _aIndex : p. 153-157.
650 7 _aDentistry, Operative.
_930617
_2BUEsh
653 _cFebruary2013
_cJune2015
_cJanuary2016
_bDDent
700 _aWatson, Timothy F.
_932423
942 _2ddc
_cDN
999 _c17241
_d17213